| 000 -LEADER |
| fixed length control field |
01049nam a2200301 i 4500 |
| 001 - CONTROL NUMBER |
| control field |
13021431 |
| 003 - CONTROL NUMBER IDENTIFIER |
| control field |
OSt |
| 005 - DATE AND TIME OF LATEST TRANSACTION |
| control field |
20260401152000.0 |
| 008 - FIXED-LENGTH DATA ELEMENTS--GENERAL INFORMATION |
| fixed length control field |
021205t20162002enkad b 001 0 eng d |
| 020 ## - INTERNATIONAL STANDARD BOOK NUMBER |
| International Standard Book Number |
9780198784937 |
| Qualifying information |
paperback |
| 040 ## - CATALOGING SOURCE |
| Original cataloging agency |
DLC |
| Language of cataloging |
eng |
| Transcribing agency |
DLC |
| Modifying agency |
DLC |
| -- |
uoc |
| Description conventions |
rda |
| 082 04 - DEWEY DECIMAL CLASSIFICATION NUMBER |
| Classification number |
572.53 |
| Edition number |
23 |
| Item number |
NIC |
| 100 1# - MAIN ENTRY--PERSONAL NAME |
| Personal name |
Lane, Nick, |
| Dates associated with a name |
1967- |
| Relator term |
author. |
| 9 (RLIN) |
2210 |
| 245 10 - TITLE STATEMENT |
| Title |
Oxygen : |
| Remainder of title |
The molecule that made the world / |
| Statement of responsibility, etc. |
Nick Lane. |
| 250 ## - EDITION STATEMENT |
| Remainder of edition statement |
Revised impression, as Oxford Landmark Science 2016. |
| 264 #1 - PRODUCTION, PUBLICATION, DISTRIBUTION, MANUFACTURE, AND COPYRIGHT NOTICE |
| Place of production, publication, distribution, manufacture |
Great Britain: |
| -- |
Oxford: |
| Name of producer, publisher, distributor, manufacturer |
Oxford University Press, |
| Date of production, publication, distribution, manufacture, or copyright notice |
2016. |
| 264 #4 - PRODUCTION, PUBLICATION, DISTRIBUTION, MANUFACTURE, AND COPYRIGHT NOTICE |
| Date of production, publication, distribution, manufacture, or copyright notice |
© Nick Lane 2002. |
| 300 ## - PHYSICAL DESCRIPTION |
| Extent |
x, 374 pages: |
| Other physical details |
illustrations; |
| Dimensions |
20 cm. |
| 336 ## - CONTENT TYPE |
| Content type term |
text |
| Content type code |
txt |
| Source |
rdacontent |
| 337 ## - MEDIA TYPE |
| Media type term |
unmediated |
| Media type code |
n |
| Source |
rdamedia |
| 338 ## - CARRIER TYPE |
| Carrier type term |
volume |
| Carrier type code |
nc |
| Source |
rdacarrier |
| 504 ## - BIBLIOGRAPHY, ETC. NOTE |
| Bibliography, etc. note |
Includes Glossary and index. |
| 650 #0 - SUBJECT ADDED ENTRY--TOPICAL TERM |
| Topical term or geographic name entry element |
Oxygen |
| Form subdivision |
Popular works. |
| 9 (RLIN) |
4738 |
| 650 #0 - SUBJECT ADDED ENTRY--TOPICAL TERM |
| Topical term or geographic name entry element |
Oxygen |
| General subdivision |
Evolution |
| Form subdivision |
Popular works. |
| 9 (RLIN) |
4739 |
| 650 #0 - SUBJECT ADDED ENTRY--TOPICAL TERM |
| Topical term or geographic name entry element |
Oxygen in the body |
| Form subdivision |
Popular works. |
| 9 (RLIN) |
4740 |
| 650 #0 - SUBJECT ADDED ENTRY--TOPICAL TERM |
| Topical term or geographic name entry element |
Biogeochemical cycles |
| Form subdivision |
Popular works. |
| 9 (RLIN) |
4741 |
| 942 ## - ADDED ENTRY ELEMENTS (KOHA) |
| Source of classification or shelving scheme |
|
| Koha item type |
Book |